| 000 -LEADER |
| fixed length control field |
01474cam a2200361 a 4500 |
| 001 - CONTROL NUMBER |
| control field |
13859562 |
| 003 - CONTROL NUMBER IDENTIFIER |
| control field |
NUST |
| 005 - DATE AND TIME OF LATEST TRANSACTION |
| control field |
20180601074733.0 |
| 008 - FIXED-LENGTH DATA ELEMENTS--GENERAL INFORMATION |
| fixed length control field |
050202s2006 njua b 001 0 eng |
| 010 ## - LIBRARY OF CONGRESS CONTROL NUMBER |
| LC control number |
2005003083 |
| 020 ## - INTERNATIONAL STANDARD BOOK NUMBER |
| International Standard Book Number |
9780471700586 (cloth : alk. paper) |
| 020 ## - INTERNATIONAL STANDARD BOOK NUMBER |
| International Standard Book Number |
0471700584 (cloth : alk. paper) |
| 038 ## - RECORD CONTENT LICENSOR |
| Staff Name |
SNS Library |
| 040 ## - CATALOGING SOURCE |
| Original cataloging agency |
DLC |
| Transcribing agency |
DLC |
| Modifying agency |
DLC |
| 041 1# - LANGUAGE CODE |
| Language code of text/sound track or separate title |
eng |
| Language code of original |
rus |
| 050 00 - LIBRARY OF CONGRESS CALL NUMBER |
| Classification number |
QD553 |
| Item number |
.B23 2006 |
| 082 00 - DEWEY DECIMAL CLASSIFICATION NUMBER |
| Classification number |
541.37 |
| Edition number |
22 |
| 100 1# - MAIN ENTRY--PERSONAL NAME |
| Personal name |
Bagot︠s︡kiĭ, V. S. |
| Fuller form of name |
(Vladimir Sergeevich) |
| 9 (RLIN) |
10795 |
| 245 10 - TITLE STATEMENT |
| Title |
Fundamentals of electrochemistry / |
| Statement of responsibility, etc. |
V.S. Bagotsky. |
| 250 ## - EDITION STATEMENT |
| Edition statement |
2nd ed. |
| 260 ## - PUBLICATION, DISTRIBUTION, ETC. |
| Place of publication, distribution, etc. |
Hoboken, N.J. : |
| Name of publisher, distributor, etc. |
Wiley-Interscience, |
| Date of publication, distribution, etc. |
c2006. |
| 300 ## - PHYSICAL DESCRIPTION |
| Extent |
xxviii, 722 p. : |
| Other physical details |
ill. ; |
| Dimensions |
25 cm. |
| 440 #4 - SERIES STATEMENT/ADDED ENTRY--TITLE |
| Title |
The Electrochemical Society series |
| 9 (RLIN) |
10796 |
| 500 ## - GENERAL NOTE |
| General note |
Some chapters translated from Russian by Klaus Müller. |
| 504 ## - BIBLIOGRAPHY, ETC. NOTE |
| Bibliography, etc. note |
Includes bibliographical references (p. 709-710) and indexes. |
| 650 #0 - SUBJECT ADDED ENTRY--TOPICAL TERM |
| Topical term or geographic name entry element |
Electrochemistry. |
| 9 (RLIN) |
10797 |
| 856 41 - ELECTRONIC LOCATION AND ACCESS |
| Materials specified |
Table of contents only |
| Uniform Resource Identifier |
<a href="http://www.loc.gov/catdir/toc/ecip057/2005003083.html">http://www.loc.gov/catdir/toc/ecip057/2005003083.html</a> |
| 856 42 - ELECTRONIC LOCATION AND ACCESS |
| Materials specified |
Publisher description |
| Uniform Resource Identifier |
<a href="http://www.loc.gov/catdir/enhancements/fy0621/2005003083-d.html">http://www.loc.gov/catdir/enhancements/fy0621/2005003083-d.html</a> |
| 856 42 - ELECTRONIC LOCATION AND ACCESS |
| Materials specified |
Contributor biographical information |
| Uniform Resource Identifier |
<a href="http://www.loc.gov/catdir/enhancements/fy0653/2005003083-b.html">http://www.loc.gov/catdir/enhancements/fy0653/2005003083-b.html</a> |
| 906 ## - LOCAL DATA ELEMENT F, LDF (RLIN) |
| a |
7 |
| b |
cbc |
| c |
orignew |
| d |
1 |
| e |
ecip |
| f |
20 |
| g |
y-gencatlg |
| 942 ## - ADDED ENTRY ELEMENTS (KOHA) |
| Source of classification or shelving scheme |
|
| Koha item type |
Book |